00444 2200181 4500001002100000005001700021035002400038040001200062090002000074100001200094245003200106250001100138260003300149300002400182650002300206850001200229990002100241YOGYA00000000008389620141015102411.0 0010-081400000083613 aYOPDYOG aDEP 531.6 Sut S aSutarno aSumber Daya EnergicSutarno aCet. 1 aYogyakartabGraha Ilmuc2013 ax, 172 hlm.c26 cm. aSumber Daya Energi aYOPDYOG aCB-D.11-2013-090